Quizzes
Events
Quiz Creation
Community
Videos
Private Events
Remove Ads
Sign In
Join for FREE
Feedback
Dark Mode
Quiz Categories
Sports
Geography
Music
Movies
Television
Just For Fun
Miscellaneous
History
Literature
Language
Science
Gaming
Entertainment
Religion
Holiday
For Kids
Quiz Lab
Recent
Popular Today
Quiz Kudos Today
Editor Picks
Curator Picks
Quizzes by...
Day
Popularity
Type
Ratings
Length
Year
Community
Subscriptions
Recent Discussions
Orange Saloon
Badges
Playlists
Quests
Create
Leaderboards
Showdown
Live 5
Trivia Bingo
Activity
Puzzle Library
Sporcle Events
Private Events
Virtual Trivia
Globe League
Become a Host
Pub Owners
SporcleCon
Opinionation
Our Games
Videos
Blog
Mobile Apps
Partnerships
Remove Ads and Go Orange
Feedback
History
US Presidents
World Leaders
Politics
Nation
Discovery
War
Decade
Year
Century
Biography
Art
History
US Presidents
World Leaders
Politics
Nation
Discovery
War
Decade
Year
Century
Biography
Art
Random Quiz
Search Sporcle
×
Quiz Lab
Quiz Lab
History
State
Type in answers that appear in a list
Type in answers that appear in a list
Classic
Best Score? Go Orange.
2012 US Senate Candidates Stats
Can you name the 2012 US Senate Candidates?
By
nemoaccord
15m
67 Questions
78 Plays
78 Plays
78 Plays
Comments
Comments
Give Quiz Kudos
Give Quiz Kudos
-
- Ratings
hide this ad
Replay
Link that replays current quiz
Next Quiz
Link to next quiz in quiz playlist
You Got
0%
They Got
Avg Score
56%
Avg Friend Score
Upgrade to see
Score Distribution
Jump to the score distribution portion of the page
Score
0/67
Timer
15:00
0
Plays Today
State
Candidate
% Correct
MA
Scott Brown
94.9%
OH
Sherrod Brown
94.9%
CA
Dianne Feinstein
87.2%
MA
Elizabeth Warren
87.2%
MO
Claire McCaskill
84.6%
VA
Tim Kaine
84.6%
FL
Bill Nelson
80.8%
PA
Robert Casey, Jr.
80.8%
VT
Bernie Sanders
80.8%
ME
Angus King
79.5%
MI
Debbie Stabenow
78.2%
MO
Todd Akin
76.9%
NY
Kirsten Gillibrand
76.9%
MT
Jon Tester
75.6%
TN
Bob Corker
75.6%
UT
Orrin Hatch
75.6%
NJ
Robert Menendez
74.4%
RI
Sheldon Whitehouse
73.1%
TX
Ted Cruz
73.1%
WV
Joe Manchin
73.1%
WI
Tammy Baldwin
73.1%
CT
Linda McMahon
71.8%
MN
Amy Klobuchar
71.8%
VA
George Allen
71.8%
CT
Chris Murphy
70.5%
AZ
Jeff Flake
69.2%
MD
Benjamin Cardin
69.2%
WA
Maria Cantwell
69.2%
DE
Thomas Carper
67.9%
IN
Joe Donnelly
67.9%
NV
Dean Heller
67.9%
MS
Roger Wicker
62.8%
WI
Tommy Thompson
62.8%
WY
John Barrasso
62.8%
State
Candidate
% Correct
ND
Heidi Heitkamp
60.3%
HI
Mazie Hirono
59%
NE
Bob Kerrey
59%
NE
Deb Fischer
59%
FL
Connie Mack IV
57.7%
NV
Shelley Berkley
57.7%
NM
Martin Heinrich
57.7%
AZ
Richard Carmona
55.1%
HI
Linda Lingle
53.8%
IN
Richard Mourdock
53.8%
ND
Rick Berg
52.6%
MT
Denny Rehberg
51.3%
OH
Josh Mandel
51.3%
PA
Tom Smith
51.3%
MI
Peter Hoekstra
48.7%
NM
Heather Wilson
38.5%
NY
Wendy Long
37.2%
WV
John Raese
33.3%
MS
Albert Gore
32.1%
NJ
Joseph Kyrillos
28.2%
CA
Elizabeth Emken
26.9%
ME
Cynthia Dill
26.9%
ME
Charles Summers
24.4%
MD
Daniel Bongino
24.4%
MN
Kurt Bills
20.5%
TX
Paul Sadler
20.5%
WA
Michael Baumgartner
16.7%
WY
Tim Chesnut
16.7%
TN
Mark Clayton
15.4%
VT
John MacGovern
14.1%
DE
Kevin Wade
12.8%
UT
Scott Howell
12.8%
RI
Barry Hinckley
10.3%
Quiz Playlist
Details
Report
Send in Message
Add To Playlist
Classic:
Type in answers that appear in a list
Last Updated: Feb 16, 2017
Quiz Scoreboard
CHALLENGE
Sign Up to Join the Scoreboard
Show All
Scores
Hide
Comments
May contain spoilers
Recently Published
An Introduction to Baseball
by treessimontrees
Sports
5m
Movies - When Are They Set?
by FPL_Elf
Movies
5m
Popular People in 1961
by mucciniale
History
6m
More to Explore
Quiz From the Vault
Featured Blog Post
Where Did the Easter Bunny Come From?
hide this ad
You Might Also Like...
Tags
State Quiz
2012
candidate
Party
senate
US Senate
Today's Top Quizzes in History
Browse History
hide this ad
Today's Top Quizzes in State
Browse State
Top Contributed Quizzes in History
1
Popular People in 1991
2
Popular People in 1981
3
Popular People in 1951
4
Popular People in 1941
5
Popular People in 1986
6
Popular People in 1976
7
Popular People in 1921
8
I Am Born On March 28th
9
Popular People in 1946
10
Popular People in 1936
Explore More
Trending Topics
Marvel
NBA
Crossword
Harry Potter
Anime
Kpop
Disney
Puzzle
NFL
WWE
Pokémon
Country
Soccer
The Office
Song
hide this ad
More By:
nemoaccord
Quiz
Plays
Rating
Category
Featured
Created
100 Largest Midwestern US Cities in 1900
2,429
4.74
Geography
Oct 13, 2011
Largest Southern US Cities in 1900
1,843
4.20
Geography
Oct 11, 2011
100 Largest Western US Cities in 1900
1,823
4.57
Geography
Nov 4, 2011
Largest Incorporated Areas in the Midwest
1,086
4.60
Geography
Jun 18, 2011
Georgia Counties (1790-2010)
652
4.40
Geography
Jan 11, 2013
Go to Creator's Profile
Score Distribution
Quiz Creator Spotlight
nemoaccord
Follow
Send a Message
Quizzes Created
-
Created Quiz Play Count
-
More By This Creator
Popular Quizzes Today
1
Find the Countries of Europe - No Outlines Minefield
2
Find the US States - No Outlines Minefield
3
The Countries of the World
4
Popular People in 1961
5
Find the US States
6
US States
7
1-10 Letter E Words III
8
Risky Map Clicking: Biggest States A-Z
More History Quizzes
Eyewitness to America II
Published
Trending Quizzes
Risky Map Clicking: Least Populous States A-Z
1-10 Letter F Words
1-10 Letter G Words
Not Quite an Element Typing Challenge
One Thing in Common: United Kingdom
Recently Updated
Leaping Animals
pecheneg
Reality TV Shows (A-Z)
bhenderson79
Rickey Henderson's Hall of Fame Teammates
pecheneg
Champions League XIs: Arsenal
pecheneg
Quick Pick: Celebrities in WWE's Hall of Fame
aduchscher
A-Z Keypad Blitz II
pecheneg
Multiple Oscar Actors
pecheneg
Mystery Phrase Blitz: Oscar 'Best Actors'
pecheneg
F. Scott Fitzgerald Novels
LTH
Pick 3 Villains
ddd62291
Trending Topics
Crossword
Anime
Kpop
Disney
Harry Potter
Marvel
NBA
Soccer
The Office
NFL
WWE
Song
Country
Puzzle
Pokémon
Your Account Isn't Verified!
In order to create a playlist on Sporcle, you need to verify the email address you used during registration. Go to your
Sporcle Settings
to finish the process.
Report this User
Report this user for behavior that violates our
Community Guidelines
.
Details:
Send Report
Go to the Sporcle.com Mobile Site →
Comments